Central Library OPAC University of Rajshahi

Lee Kuan Yew's Singapore / (Record no. 27380)

MARC details
000 -LEADER
fixed length control field 00899nam a2200301 4500
001 - CONTROL NUMBER
control field 27380
003 - CONTROL NUMBER IDENTIFIER
rucl marc code BD-RjUL
005 - DATE AND TIME OF LATEST TRANSACTION
control field 20211209051140.0
008 - FIXED-LENGTH DATA ELEMENTS--GENERAL INFORMATION
fixed length control field 140325s1973 enkab b 001 0beng
020 ## - INTERNATIONAL STANDARD BOOK NUMBER
International Standard Book Number 0233964568
International Standard Book Number 0233965173 (pbk.)
035 ## - SYSTEM CONTROL NUMBER
System control number (BD-RjUL)27453
040 ## - CATALOGING SOURCE
Original cataloging agency DLC
Transcribing agency DLC
Modifying agency DLC
-- BD-RjUL
Language of cataloging eng
041 ## - LANGUAGE CODE
Language code of text/sound track or separate title eng
082 00 - DEWEY DECIMAL CLASSIFICATION NUMBER
Classification number 959.52050924
Author mark and year GEL 1973
100 1# - MAIN ENTRY--PERSONAL NAME
Personal name George, T. J. S.
9 (RLIN) 82488
245 10 - TITLE STATEMENT
Title Lee Kuan Yew's Singapore /
Statement of responsibility, etc. T. J. S. George.
260 ## - PUBLICATION, DISTRIBUTION, ETC. (IMPRINT)
Place of publication, distribution, etc. London :
Name of publisher, distributor, etc. Deutsch,
Date of publication, distribution, etc. c1973.
300 ## - PHYSICAL DESCRIPTION
Pagination 222 p. :
Illustrations ill., map. ;
Size 23 cm.
350 ## - PRICE (NR) (BK AM CF MU VM SE) [OBSOLETE]
Price £2.95
504 ## - BIBLIOGRAPHY, ETC. NOTE
Bibliography, etc Bibliography: p. [217]-218. and index.
600 10 - SUBJECT ADDED ENTRY--PERSONAL NAME
Personal name Lee, Kuan Yew,
Dates associated with a name 1923-
650 #0 - SUBJECT ADDED ENTRY--TOPICAL TERM
Topical term or geographic name as entry element Prime ministers
Geographic subdivision Singapore
Form subdivision Biography.
9 (RLIN) 84120
651 #0 - SUBJECT ADDED ENTRY--GEOGRAPHIC NAME
Geographic name Singapore
General subdivision Politics and government
Chronological subdivision 1965-1990.
9 (RLIN) 84121
942 ## - ADDED ENTRY ELEMENTS (KOHA)
Source of classification or shelving scheme Dewey Decimal Classification
Koha item type Books
Holdings
Lost status Source of classification or shelving scheme Damaged status Not for loan Collection code Permanent Location Current Location Shelving location Date acquired Source of acquisition Cost, normal purchase price Total Checkouts Full call number Date last seen Copy number Koha item type
  Dewey Decimal Classification   Added to bundle Non-fiction Central Library, University of Rajshahi Central Library, University of Rajshahi Reading Room 26/05/1975 Gonathan ware & co. 1.75   959.52050924 GEL 1973 25/03/2014 C-1 Books